000 00362nam a2200157Ia 4500
003 0STCL
008 150530s9999 xx 000 0 und d
040 _aSTCL
_cSTCL
100 _aAmbedkar, B.R.
245 _aProblem of the rupee origin and its solution
260 _c1923
546 _aEnglish
942 _2ddc
_cBK
999 _c8050
_d8050
005 20220125165500.0